Normal view
MARC view
- Jasmi Hashim
Entry Personal Name
001 - CONTROL NUMBER
- control field: 5681
003 - CONTROL NUMBER IDENTIFIER
- control field: OSt
005 - DATE AND TIME OF LATEST TRANSACTION
- control field: 20170517153335.0
008 - FIXED-LENGTH DATA ELEMENTS
- fixed length control field: 170517|| aca||aabn | a|a d
040 ## - CATALOGING SOURCE
- Original cataloging agency: OSt
- Transcribing agency: OSt
100 ## - HEADING--PERSONAL NAME
- Personal name: Jasmi Hashim
670 ## - SOURCE DATA FOUND
- Source citation: Work cat.: (OSt)0: Jasmi Hashim, Pengenalan komposit matriks logam /, 2003

PORTAL AKMAL
E-MEL JKDM
AKMAL2U
G-BAM
u-PUSTAKA